Metódy uplatnenia informačných a komunikačných technológií vo vzdelávaní
Rastúce možnosti využitia IKT v činnostiach učiteľa a žiakov. Informatizácia a modernizácia kontrolných zložiek edukácie. Koncepcie a stratégie vzdelávania prijaté Európskou úniou a aj dokumenty UNESCO predstavujú výzvy pre vzdelávanie a pedagogické vedy.
Enregistré dans:
| Auteur principal: | |
|---|---|
| Autres auteurs: | |
| Format: | Chapitre de livre |
| Langue: | slovaque |
| Sujets: | |
| Tags: |
Pas de tags, Soyez le premier à ajouter un tag!
|
MARC
| LEADER | 00000naa$a2200000$$$4500 | ||
|---|---|---|---|
| 001 | 0057563 | ||
| 005 | 20231010124449.5 | ||
| 041 | 0 | |a slo | |
| 044 | |a SK | ||
| 245 | 1 | 0 | |a Metódy uplatnenia informačných a komunikačných technológií vo vzdelávaní |c Zuzana Horváthová, Jiří Zlámal |
| 520 | |a Rastúce možnosti využitia IKT v činnostiach učiteľa a žiakov. Informatizácia a modernizácia kontrolných zložiek edukácie. Koncepcie a stratégie vzdelávania prijaté Európskou úniou a aj dokumenty UNESCO predstavujú výzvy pre vzdelávanie a pedagogické vedy. | ||
| 610 | 2 | 0 | |a vzdelávanie |
| 610 | 2 | 0 | |a technológie informačné |
| 610 | 2 | 0 | |a technológie komunikačné |
| 610 | 2 | 0 | |a vyučovanie |
| 610 | 2 | 0 | |a študenti |
| 100 | 1 | |a Horváthová, Zuzana | |
| 700 | 1 | |a Zlámal, Jiří | |